000 01875nam a22002297a 4500
003 OSt
005 20260511155045.0
008 260511b |||||||| |||| 00| 0 eng d
020 _a9781787465121
040 _aKenya National Library Service
082 _a813.54 LEO
100 _aLeon, Donna
_eAuthor
245 _aTrace Elements /
_cDonna Leon.
300 _a278 pages ;
_c20 cm.
490 _aCommissario Brunetti (29)
520 _a"When Dottoressa Donato calls the Questura to report that a dying patient at the hospice Fatebenefratelli wants to speak to the police, Commissario Guido Brunetti and his colleague, Claudia Griffoni, waste no time in responding. "They killed him. It was bad money. I told him no," Benedetta Toso gasps the words about her recently deceased husband, Vittorio Fadalto. Even though he is not sure she can hear him, Brunetti softly promises he and Griffoni will look into what initially appears to be a private family tragedy. They discover that Fadalto worked in the field collecting samples of contamination for a company that measures the cleanliness of Venice's water supply and that he had died in a mysterious motorcycle accident. Distracted briefly by Vice Questore Patta's obsession with youth crime in Venice, Brunetti is bolstered once more by the remarkable research skills of Patta's secretary, Signora Elettra Zorzi. Piecing together the tangled threads, in time Brunetti comes to realize the perilous meaning in the woman's accusation and the threat it reveals to the health of the entire region. But justice in this case proves to be ambiguous, as Brunetti is reminded it can be when, seeking solace, he reads Aeschylus's classic play The Eumenides".
650 _aInvestigation
_vFiction.
650 _aCrime
_vFiction.
942 _2ddc
_cBK
_n0
999 _c492680
_d492680